| 000 | 00533nam a2200121Ia 4500 | ||
|---|---|---|---|
| 008 | 171212s9999 xx 000 0 und d | ||
| 020 | _a9780833081766 | ||
| 100 | _aPaul, Christopher;Clarke, Colin P.;Grill, Beth;Dunigan, Molly | ||
| 245 |
_cPaul, Christopher;Clarke, Colin P.;Grill, Beth;Dunigan, Molly _aCounterinsurgency Scorecard _bAfghanistan in Early 2013 Relative to Insurgencies Since World War II |
||
| 260 |
_bRAND Corporation _c2013 |
||
| 650 | _aPolitical Science | ||
| 856 | _uhttp://www.jstor.org/stable/10.7249/j.ctt5hhthj | ||
| 999 |
_c351908 _d351908 |
||